[Event "Pyramiden Cup 2016"]
[Site "Fuerth"]
[Date "2016.09.01"]
[Round "1.43"]
[White "Kroneder, Christian"]
[Black "Cordts, Elof"]
[Result "1-0"]
[WhiteElo "2070"]
[BlackElo "1649"]
[PlyCount "55"]
[EventDate "2016.??.??"]
[WhiteTeam "SK Schwanstetten"]
[BlackTeam "SC Erlangen"]

1. e4 c5 2. Nf3 d6 3. d4 cxd4 4. Nxd4 Nf6 5. Nc3 a6 6. h3 e5 7. Nde2 Be6 8. g4
d5 9. exd5 Nxd5 10. Bg2 Nxc3 11. Qxd8+ Kxd8 12. Nxc3 Nc6 13. Be3 Bb4 14. O-O-O+
Ke8 15. Nd5 Ba5 16. f4 exf4 17. Bxf4 Rd8 18. c3 Rd7 19. Rhe1 Kd8 20. b4 Bxd5
21. Bxd5 Bc7 22. Be3 f6 23. g5 Re8 24. gxf6 gxf6 25. Kc2 Kc8 26. a4 Be5 27. Bb6
Ne7 28. Be6 1-0

[Event "Pyramiden Cup 2016"]
[Site "Fuerth"]
[Date "2016.09.01"]
[Round "1.44"]
[White "Merkel, Luis"]
[Black "Turner, Radek"]
[Result "0-1"]
[WhiteElo "1571"]
[BlackElo "2055"]
[PlyCount "72"]
[EventDate "2016.??.??"]
[WhiteTeam "SG Büchenbach/Roth"]
[BlackTeam "RT Regensburg"]

1. e4 Nf6 2. e5 Nd5 3. d4 d6 4. f4 g6 5. Nf3 Bg7 6. Bc4 Nb6 7. Bb3 O-O 8. O-O
Nc6 9. c3 Bg4 10. Nbd2 Na5 11. Bc2 c5 12. h3 Bd7 13. Nb3 Nxb3 14. Bxb3 Bb5 15.
Rf2 cxd4 16. cxd4 Bc4 17. Be3 Rc8 18. Rc1 Nd5 19. Bxc4 Rxc4 20. Rxc4 Nxe3 21.
Qb3 Nxc4 22. Qxc4 dxe5 23. dxe5 Qb6 24. Qd4 Qxd4 25. Nxd4 Rd8 26. Nf3 f6 27.
Re2 fxe5 28. Nxe5 Rd5 29. Kh2 Bxe5 30. Rxe5 Rxe5 31. fxe5 Kf7 32. Kg3 Ke6 33.
Kf4 Kd5 34. h4 e6 35. g4 h6 36. b3 Kd4 0-1

[Event "Pyramiden Cup 2016"]
[Site "Fuerth"]
[Date "2016.09.01"]
[Round "1.45"]
[White "Beesk, Kevin"]
[Black "Michel, Philipp"]
[Result "1-0"]
[WhiteElo "1965"]
[BlackElo "1683"]
[PlyCount "69"]
[EventDate "2016.??.??"]
[WhiteTeam "SK Neumarkt"]
[BlackTeam "SC Erlangen"]

1. e4 c6 2. Nc3 d5 3. g3 d4 4. Nce2 Nf6 5. d3 e5 6. Bg2 Bd6 7. f4 Bg4 8. h3
Bxe2 9. Qxe2 h5 10. Nf3 Na6 11. O-O Qc7 12. c3 dxc3 13. bxc3 O-O-O 14. d4 exd4
15. cxd4 Rhe8 16. Ng5 Bb4 17. Be3 Bc3 18. Rad1 Rd7 19. Rd3 Qa5 20. Rc1 Nb4 21.
Rcxc3 Nxd3 22. Rxd3 Red8 23. Kf2 c5 24. Qc2 Rc7 25. d5 Nd7 26. Nxf7 Rf8 27.
Nd6+ Kd8 28. Nc4 Qb4 29. Bd2 Qb5 30. a4 Qa6 31. e5 b5 32. axb5 Qxb5 33. d6 Rb7
34. Bxb7 Qxb7 35. e6 1-0

[Event "Pyramiden Cup 2016"]
[Site "Fuerth"]
[Date "2016.09.01"]
[Round "1.46"]
[White "Dreiseitel, Werner"]
[Black "Bader, Dominic"]
[Result "0-1"]
[WhiteElo "1599"]
[BlackElo "2066"]
[PlyCount "76"]
[EventDate "2016.??.??"]
[WhiteTeam "SG Fürth"]
[BlackTeam "SG Büchenbach/Roth"]

1. d4 Nf6 2. Bf4 d6 3. e3 g6 4. Nd2 Bg7 5. c3 O-O 6. Ngf3 Nbd7 7. Bc4 c6 8. O-O
b5 9. Bb3 Bb7 10. e4 a6 11. e5 Nh5 12. Bg5 dxe5 13. dxe5 Nxe5 14. Nxe5 Bxe5 15.
Nf3 Bf6 16. Be3 Qc7 17. Qe2 c5 18. Rfd1 Nf4 19. Bxf4 Qxf4 20. Bd5 Qc7 21. Qe4
Bxd5 22. Rxd5 Rad8 23. Rad1 e6 24. R5d2 Rxd2 25. Rxd2 Rd8 26. Qe2 Rxd2 27. Qxd2
Qd8 28. Qe2 Qd5 29. a3 c4 30. Kf1 a5 31. h3 e5 32. Nd2 Be7 33. Ne4 f5 34. Nd2
e4 35. f3 Bg5 36. Nb1 Qd3 37. fxe4 Qxb1+ 38. Kf2 Qxe4 0-1

[Event "Pyramiden Cup 2016"]
[Site "Fuerth"]
[Date "2016.09.01"]
[Round "1.47"]
[White "Woerl, Richard"]
[Black "Hirn, Thomas"]
[Result "1-0"]
[WhiteElo "2050"]
[BlackElo "1734"]
[PlyCount "65"]
[EventDate "2016.??.??"]
[WhiteTeam "SW Nürnberg Süd"]
[BlackTeam "TuS Fürstenfeldbruck"]

1. e4 c5 2. Nf3 e6 3. d4 cxd4 4. Nxd4 a6 5. Be2 Nc6 6. O-O Qc7 7. c3 Nf6 8.
Nxc6 bxc6 9. Bd3 Bb7 10. Qe2 Be7 11. Bg5 d6 12. Nd2 h6 13. Bh4 e5 14. Bg3 O-O
15. f4 Nd7 16. Nc4 Bf6 17. Qh5 Rae8 18. Rae1 Nb6 19. fxe5 Bxe5 20. Bxe5 dxe5
21. Ne3 Bc8 22. Rf3 Be6 23. Rg3 Kh7 24. Be2 Nd7 25. Rf1 g6 26. Qf3 f6 27. Ng4
h5 28. Ne3 h4 29. Rg4 Bxg4 30. Qxg4 g5 31. Qh5+ Kg7 32. Nf5+ Kg8 33. Qg6+ 1-0

[Event "Pyramiden Cup 2016"]
[Site "Fuerth"]
[Date "2016.09.01"]
[Round "1.48"]
[White "Boese, Christina"]
[Black "Guenther, Patrick"]
[Result "0-1"]
[WhiteElo "1555"]
[BlackElo "2013"]
[PlyCount "78"]
[EventDate "2016.??.??"]
[WhiteTeam "SC Bechhofen"]
[BlackTeam "Elmshorner SC"]

1. e4 c5 2. d3 Nc6 3. g3 g6 4. Bg2 Bg7 5. Nc3 e6 6. Be3 Nd4 7. f4 d6 8. Bf2 Ne7
9. Nge2 Nec6 10. O-O O-O 11. h4 f5 12. Kh2 Rb8 13. Nxd4 Nxd4 14. Rc1 Bd7 15. g4
fxg4 16. Qxg4 Rxf4 17. Qxf4 Be5 18. Qxe5 dxe5 19. Bg3 Nc6 20. Rf2 Qe7 21. Rcf1
b6 22. Rf7 Qxf7 23. Rxf7 Kxf7 24. Nd1 h5 25. Ne3 Kf6 26. a3 b5 27. Bf3 Ke7 28.
Bd1 Rf8 29. Kg2 Bc8 30. b3 Bb7 31. Kh2 Kf6 32. Kg2 Rh8 33. Kh3 Rc8 34. Be2 a5
35. c3 Ba6 36. Be1 b4 37. c4 bxa3 38. Bc3 Rb8 39. Bd1 a2 0-1

[Event "Pyramiden Cup 2016"]
[Site "Fuerth"]
[Date "2016.09.01"]
[Round "1.49"]
[White "Hornung, Hans"]
[Black "Gress, Patrick Daniel"]
[Result "1-0"]
[WhiteElo "2050"]
[BlackElo "1362"]
[PlyCount "37"]
[EventDate "2016.??.??"]
[WhiteTeam "SK Klosterlechfeld"]
[BlackTeam "SK Herzogenaurach"]

1. c4 Nf6 2. Nc3 d5 3. cxd5 Nxd5 4. Nf3 c5 5. d4 Nc7 6. e4 e6 7. Be3 cxd4 8.
Nxd4 Bb4 9. Qa4+ Nc6 10. O-O-O Bxc3 11. Nxc6 Bxb2+ 12. Kxb2 Bd7 13. Nxd8 Bxa4
14. Rd4 Bd7 15. Nxf7 O-O 16. Rxd7 Rxf7 17. Rxf7 Kxf7 18. Be2 b6 19. Rc1 1-0

[Event "Pyramiden Cup 2016"]
[Site "Fuerth"]
[Date "2016.09.01"]
[Round "1.50"]
[White "Fischer, Daniel"]
[Black "Mitin, Daniel"]
[Result "1-0"]
[WhiteElo "2042"]
[BlackElo "1146"]
[PlyCount "47"]
[EventDate "2016.??.??"]
[WhiteTeam "SVG Offenburg"]
[BlackTeam "SG Büchenbach/Roth"]

1. Nf3 Nc6 2. d4 d5 3. g3 Nf6 4. Bg2 Ne4 5. O-O Bg4 6. c4 e6 7. Nc3 Bxf3 8.
Bxf3 Nxc3 9. bxc3 dxc4 10. Qa4 Qd7 11. Qxc4 Na5 12. Qd3 O-O-O 13. Rb1 c6 14.
Bd2 c5 15. Rxb7 Nxb7 16. Qa6 Qc7 17. Rb1 Rd7 18. Bf4 Bd6 19. Rxb7 Qd8 20. Rxd7+
Kxd7 21. Qxd6+ Ke8 22. Bc6+ Qd7 23. Qxd7+ Kf8 24. Qd8# 1-0

[Event "Pyramiden Cup 2016"]
[Site "Fuerth"]
[Date "2016.09.01"]
[Round "1.51"]
[White "Weissmann, Peter"]
[Black "Adiyaman, Rene"]
[Result "0-1"]
[WhiteElo "1778"]
[BlackElo "1882"]
[PlyCount "40"]
[EventDate "2016.??.??"]
[WhiteTeam "SK Zirndorf"]
[BlackTeam "DBSB"]

1. e4 e5 2. d4 exd4 3. Bc4 Nc6 4. Nf3 Bc5 5. Ng5 Ne5 6. Bxf7+ Nxf7 7. Nxf7 Kxf7
8. Qh5+ g6 9. Qxc5 Nf6 10. Qxd4 Nxe4 11. Qd5+ Kg7 12. O-O Re8 13. Be3 Re6 14.
Bd4+ Kf7 15. f4 c6 16. Qb3 Qh4 17. f5 gxf5 18. Rxf5+ Ke8 19. Na3 Nd2 20. Bf2
Nxb3 0-1

[Event "Pyramiden Cup 2016"]
[Site "Fuerth"]
[Date "2016.09.01"]
[Round "1.52"]
[White "Fedorovsky, Michael"]
[Black "Lindenmair, Anton"]
[Result "1-0"]
[WhiteElo "2497"]
[BlackElo "1997"]
[PlyCount "45"]
[EventDate "2016.??.??"]
[WhiteTeam "FC Bayern München"]
[BlackTeam "DBSB"]

1. d4 Nf6 2. c4 g6 3. Nc3 Bg7 4. e4 d6 5. f4 O-O 6. Nf3 c5 7. dxc5 Qa5 8. Bd3
Qxc5 9. Qe2 Nc6 10. Be3 Qa5 11. O-O Ng4 12. Bd2 Qb6+ 13. Kh1 Nd4 14. Nxd4 Bxd4
15. Nd5 Qd8 16. f5 Ne5 17. f6 exf6 18. Nxf6+ Kg7 19. Bg5 Qa5 20. b4 Qa3 21.
Rad1 Be6 22. Nd5 Nd7 23. Bc1 1-0

[Event "Pyramiden Cup 2016"]
[Site "Fuerth"]
[Date "2016.09.01"]
[Round "1.53"]
[White "Eichstaedt, Mirko"]
[Black "Straschewski, Joerg"]
[Result "1-0"]
[WhiteElo "2236"]
[BlackElo "1927"]
[PlyCount "51"]
[EventDate "2016.??.??"]
[WhiteTeam "DBSB"]
[BlackTeam "TSV Cadolzburg"]

1. Nf3 Nf6 2. d4 g6 3. g3 Bg7 4. Bg2 O-O 5. O-O d6 6. a4 Nbd7 7. a5 c6 8. Nc3
Re8 9. e4 e5 10. Re1 Qc7 11. h3 Rb8 12. Be3 b5 13. axb6 axb6 14. d5 cxd5 15.
exd5 Nc5 16. Bf1 Bf8 17. Nb5 Qd8 18. b4 Ncd7 19. Na7 Ra8 20. Bb5 Qc7 21. Nxc8
Rxa1 22. Qxa1 Rxc8 23. Bc6 Nb8 24. b5 Nxc6 25. dxc6 Nd5 26. Bd2 1-0

[Event "Pyramiden Cup 2016"]
[Site "Fuerth"]
[Date "2016.09.01"]
[Round "1.54"]
[White "Weissig, Kersten"]
[Black "Riegler, Dieter"]
[Result "0-1"]
[WhiteElo "1232"]
[BlackElo "2054"]
[PlyCount "96"]
[EventDate "2016.??.??"]
[WhiteTeam "SV Deggendorf"]
[BlackTeam "DBSB"]

1. e4 c5 2. Nf3 d6 3. d4 cxd4 4. Qxd4 Nc6 5. Qe3 Nf6 6. Bc4 e6 7. O-O Be7 8.
Nc3 a6 9. a4 Qc7 10. Rd1 O-O 11. b3 b6 12. Bb2 Bb7 13. h3 h6 14. Nh2 Rac8 15.
Qg3 Rfd8 16. Ng4 Nxg4 17. Qxg4 Ne5 18. Qg3 Bf8 19. Be2 Bc6 20. Bxa6 Ra8 21. Bb5
Bxb5 22. axb5 Qc5 23. Rxa8 Rxa8 24. Ra1 Rxa1+ 25. Bxa1 Qa3 26. f4 Qxa1+ 27. Kh2
Nd7 28. f5 exf5 29. exf5 Qf1 30. Qd3 Qxd3 31. cxd3 Be7 32. Nd5 Bd8 33. d4 Bf6
34. Nxf6+ Nxf6 35. Kg3 Kf8 36. Kf4 Ke7 37. Kf3 Nd5 38. Ke4 Nc3+ 39. Kd3 Nxb5
40. Kc4 Nc7 41. Kd3 Kf6 42. Ke4 Kg5 43. Kf3 Kh4 44. f6 gxf6 45. Kf4 Kh5 46. Kf5
Ne8 47. d5 Kh4 48. Kf4 h5 0-1

[Event "Pyramiden Cup 2016"]
[Site "Fuerth"]
[Date "2016.09.01"]
[Round "1.55"]
[White "Plinz, Tim"]
[Black "Rohde, Patrick"]
[Result "0-1"]
[WhiteElo "1060"]
[BlackElo "1964"]
[PlyCount "62"]
[EventDate "2016.??.??"]
[WhiteTeam "SK Schwanstetten"]
[BlackTeam "Elmshorner SC"]

1. d4 Nf6 2. c4 g6 3. Nf3 Bg7 4. Nc3 d5 5. e3 O-O 6. h3 dxc4 7. Bxc4 c5 8. O-O
cxd4 9. exd4 a6 10. Bf4 b5 11. Bd3 Bb7 12. Re1 Nc6 13. Bc2 Rc8 14. Ne5 Nxd4 15.
Ne2 Nxc2 16. Qc1 Nxe1 17. Qxe1 Qd5 18. f3 Nh5 19. Ng4 Nxf4 20. Nxf4 Qd4+ 21.
Qe3 Qxe3+ 22. Nxe3 Bd4 23. Re1 e5 24. Nd3 e4 25. fxe4 Bxe4 26. Nf2 Rfe8 27.
Nxe4 Rxe4 28. Kf2 Rce8 29. b3 Rxe3 30. Rd1 Rd3+ 31. Kf1 Rxd1# 0-1

[Event "Pyramiden Cup 2016"]
[Site "Fuerth"]
[Date "2016.09.01"]
[Round "1.56"]
[White "Kornitzky, Tino"]
[Black "Weissig, Timon"]
[Result "1-0"]
[WhiteElo "2045"]
[BlackElo "1020"]
[PlyCount "105"]
[EventDate "2016.??.??"]
[WhiteTeam "SC Erlangen"]
[BlackTeam "SV Deggendorf"]

1. d4 d5 2. c4 e6 3. g3 Nf6 4. Bg2 Nc6 5. Nf3 h6 6. O-O Bb4 7. a3 Be7 8. Nc3
O-O 9. Re1 Re8 10. c5 Bd7 11. Bf4 a6 12. b4 b5 13. Qb3 Na7 14. Ne5 c6 15. Nd3
g5 16. Bd2 Bf8 17. a4 Bg7 18. Ra2 Qb8 19. Rea1 Qb7 20. axb5 Nxb5 21. e3 Ra7 22.
Na4 Bh8 23. Nb6 Rd8 24. Ne5 Bg7 25. Qb2 Bh8 26. Ra5 Bc8 27. R1a2 Kf8 28. Qa1
Ke8 29. Nxc8 Rxc8 30. Rxa6 Rca8 31. R6a5 Ne4 32. Bxe4 dxe4 33. Nc4 Bf6 34. Nb6
Bd8 35. Rxa7 Rxa7 36. Nc4 Bc7 37. Rxa7 Nxa7 38. Qb1 f5 39. Qd1 g4 40. Qa4 Ke7
41. Kg2 h5 42. Na5 Qa6 43. Nxc6+ Qxc6 44. Qxa7 Kd8 45. Qa2 Qd5 46. Qxd5+ exd5
47. b5 Bb8 48. Kf1 Kc7 49. Ke2 Kb7 50. Kd1 h4 51. Kc2 hxg3 52. fxg3 f4 53. exf4
1-0

[Event "Pyramiden Cup 2016"]
[Site "Fuerth"]
[Date "2016.09.01"]
[Round "1.57"]
[White "Suva, Karl"]
[Black "Tong, Kevin"]
[Result "0-1"]
[WhiteElo "1646"]
[BlackElo "2049"]
[PlyCount "42"]
[EventDate "2016.??.??"]
[WhiteTeam "vereinslos"]
[BlackTeam "SC Erlangen"]

1. e4 c5 2. f4 Nc6 3. Nf3 g6 4. Bc4 Bg7 5. c3 e6 6. O-O Nge7 7. d3 O-O 8. Be3
d6 9. Ng5 d5 10. exd5 exd5 11. Bb5 Qd6 12. Qc2 Nf5 13. Bf2 Qxf4 14. Nxh7 Kxh7
15. Bxc5 Qh4 16. Rf3 Re8 17. Bf2 Re1+ 18. Bxe1 Qxe1+ 19. Rf1 Qxf1+ 20. Kxf1
Ne3+ 21. Ke2 Nxc2 0-1

[Event "Pyramiden Cup 2016"]
[Site "Fuerth"]
[Date "2016.09.01"]
[Round "1.58"]
[White "Steinbacher, Matthias"]
[Black "Bildt, Thomas"]
[Result "1-0"]
[WhiteElo "2182"]
[BlackElo "1997"]
[PlyCount "109"]
[EventDate "2016.??.??"]
[WhiteTeam "vereinslos"]
[BlackTeam "SK Zirndorf"]

1. c4 Nf6 2. Nc3 d5 3. cxd5 Nxd5 4. e4 Nxc3 5. dxc3 Qxd1+ 6. Kxd1 e5 7. f4 Nc6
8. Nf3 Bd6 9. Bb5 Bd7 10. Bxc6 Bxc6 11. fxe5 Bc5 12. Re1 O-O-O+ 13. Kc2 Bb5 14.
Bg5 Bd3+ 15. Kb3 Rd7 16. Be3 Be7 17. e6 fxe6 18. Ne5 Bxe4 19. Nxd7 Kxd7 20.
Rad1+ Bd6 21. c4 Kc6 22. Bd4 Bxg2 23. Rxe6 Rf8 24. Bxg7 Rf3+ 25. Bc3 Rh3 26.
Rd2 Bf3 27. Rd3 Bg4 28. Rxh3 Bxh3 29. Rh6 Bf5 30. Be5 Bg6 31. Bxd6 Kxd6 32. Kc3
c5 33. Kd2 Ke5 34. Ke3 Bb1 35. a3 Bc2 36. b4 cxb4 37. axb4 Bg6 38. Rh4 Kd6 39.
Kd4 Kc6 40. Rf4 b6 41. Rf6+ Kb7 42. c5 bxc5+ 43. Kxc5 Bd3 44. Rf7+ Kb8 45. b5
h5 46. Re7 Bf1 47. Re5 h4 48. Re8+ Kc7 49. Re7+ Kb8 50. Rf7 Bg2 51. Rh7 h3 52.
Kb4 Bf1 53. Ka5 Bg2 54. Ka6 Bf1 55. Rb7+ 1-0

[Event "Pyramiden Cup 2016"]
[Site "chess24.com"]
[Date "2016.09.01"]
[Round "1.1"]
[White "Hoffmann, Sebastian"]
[Black "Kunin, Vitaly"]
[Result "0-1"]
[WhiteElo "1958"]
[BlackElo "2592"]
[PlyCount "92"]
[EventDate "2016.??.??"]
[WhiteTeamCountry "GER"]
[BlackTeamCountry "GER"]
[WhiteClock "0:25:47"]
[BlackClock "1:14:31"]

1. e4 c5 2. Nf3 Nf6 3. c3 Nxe4 4. d4 d5 5. Bf4 Nc6 6. Be2 e6 7. O-O Bd6 8. Be3
cxd4 9. Nxd4 O-O 10. Nd2 Nxd4 11. cxd4 Nxd2 12. Qxd2 Bd7 13. Rac1 Rc8 14. Bf4
Bxf4 15. Qxf4 Qb6 16. b3 a6 17. Qe3 Bb5 18. Bxb5 Qxb5 19. Rc5 Rxc5 20. dxc5 Rc8
21. Rc1 h6 22. h3 Qb4 23. Qe5 Qd2 24. Rc3 Qxa2 25. Rg3 Qb1+ 26. Kh2 g6 27. Rf3
Qc1 28. Qf6 Rf8 29. Qe7 a5 30. Qc7 Qa3 31. Kg3 Qb4 32. Kh2 Qb5 33. Qe7 b6 34.
cxb6 Qxb6 35. Kg1 Qc6 36. Qa7 Qc1+ 37. Kh2 Qe1 38. Qd7 Qe5+ 39. Kh1 d4 40. Qe7
Qd5 41. Rd3 e5 42. Qf6 Rd8 43. f3 Rd6 44. Qe7 Kg7 45. Kh2 Re6 46. Qa7 Qb5 0-1

[Event "Pyramiden Cup 2016"]
[Site "chess24.com"]
[Date "2016.09.01"]
[Round "1.2"]
[White "Gerl, Hans"]
[Black "Krivoborodov, Egor"]
[Result "0-1"]
[WhiteElo "2014"]
[BlackElo "2519"]
[PlyCount "66"]
[EventDate "2016.??.??"]
[WhiteTeamCountry "GER"]
[BlackTeamCountry "RUS"]
[WhiteClock "0:36:35"]
[BlackClock "0:56:15"]

1. d4 d5 2. c4 c6 3. Nf3 Nf6 4. e3 a6 5. c5 Nbd7 6. b4 b6 7. Bd3 bxc5 8. bxc5
e5 9. Bf5 e4 10. Nfd2 Nxc5 11. dxc5 Bxf5 12. Nb3 Nd7 13. O-O Nxc5 14. Nd4 Bd7
15. Nc3 Bd6 16. Nde2 Nd3 17. Bd2 O-O 18. Rb1 Qh4 19. Ng3 Ne5 20. f3 exf3 21.
gxf3 Nc4 22. Nce2 Bc5 23. Rb3 Rae8 24. Qc1 Nxd2 25. Qxd2 Rxe3 26. Rxe3 Re8 27.
Ne4 Bxe3+ 28. Qxe3 dxe4 29. Qd4 Bh3 30. Rb1 Qg5+ 31. Ng3 exf3 32. Qe4 Qc5+ 33.
Kh1 Bg2# 0-1

[Event "Pyramiden Cup 2016"]
[Site "chess24.com"]
[Date "2016.09.01"]
[Round "1.3"]
[White "Ikonnikov, Vyacheslav"]
[Black "Luessmann, Thomas"]
[Result "1-0"]
[WhiteElo "2536"]
[BlackElo "1921"]
[PlyCount "64"]
[EventDate "2016.??.??"]
[WhiteTeamCountry "RUS"]
[BlackTeamCountry "GER"]
[WhiteClock "1:06:22"]
[BlackClock "0:27:09"]

1. d4 d5 2. Nf3 Nf6 3. c4 e6 4. Nc3 c6 5. Qb3 Bd6 6. Bg5 Nbd7 7. e4 dxe4 8.
Nxe4 Be7 9. Nc3 O-O 10. Be2 Qc7 11. O-O e5 12. Bxf6 Bxf6 13. d5 Nc5 14. Qa3 Be7
15. b4 Na6 16. c5 cxd5 17. Nxd5 Qd8 18. Rad1 e4 19. Bxa6 bxa6 20. Ne5 Bf6 21.
Nc6 Qe8 22. Nxf6+ gxf6 23. Rd6 Bb7 24. Qg3+ Kh8 25. Qf4 Bxc6 26. Qxf6+ Kg8 27.
Rxc6 Rb8 28. Rxa6 Rxb4 29. Ra3 e3 30. Rxe3 Qc8 31. h3 Rd8 32. Rg3+ Kf8 1-0

[Event "Pyramiden Cup 2016"]
[Site "chess24.com"]
[Date "2016.09.01"]
[Round "1.4"]
[White "Hartmann, Thomas"]
[Black "Pap, Misa"]
[Result "1/2-1/2"]
[WhiteElo "2022"]
[BlackElo "2490"]
[PlyCount "155"]
[EventDate "2016.??.??"]
[WhiteTeamCountry "GER"]
[BlackTeamCountry "SRB"]
[WhiteClock "0:02:57"]
[BlackClock "0:30:52"]

1. d4 Nf6 2. c4 c5 3. Nf3 cxd4 4. Nxd4 Nc6 5. g3 Qb6 6. Nb3 Ne5 7. c5 Qc6 8.
Rg1 e6 9. Qd4 Qe4 10. Be3 Nc4 11. Nc3 Qxd4 12. Bxd4 e5 13. Nb5 exd4 14. Nc7+
Kd8 15. Nxa8 d5 16. cxd6 Bxd6 17. O-O-O Be6 18. e3 Ke7 19. Nxd4 Rxa8 20. Bxc4
Rc8 21. b3 Ba3+ 22. Kb1 Ne4 23. Bxe6 fxe6 24. Nb5 Bc5 25. f3 Ng5 26. Nd4 Bxd4
27. exd4 Nxf3 28. Rgf1 Nxh2 29. Rh1 Ng4 30. Rxh7 Rg8 31. Rc1 Kd6 32. Rh5 b6 33.
Rg5 Nf6 34. Re1 g6 35. Kb2 Nd5 36. Rh1 Rg7 37. Rh8 Ne7 38. Rd8+ Kc7 39. Rf8 Rh7
40. Rf6 Rh2+ 41. Kb1 Rh1+ 42. Kc2 Kd7 43. a4 Rh2+ 44. Kc3 Kd6 45. Rfxg6 Nxg6
46. Rxg6 Rf2 47. Rg7 a6 48. g4 Kc6 49. g5 Rf3+ 50. Kb4 Rf4 51. Kc3 Rf3+ 52. Kc2
Rg3 53. g6 Kd5 54. Rd7+ Kc6 55. Rg7 Kd5 56. Rg8 Kxd4 57. g7 Rg2+ 58. Kc1 Ke5
59. Kd1 a5 60. Rb8 Rxg7 61. Rxb6 Kd4 62. Rb5 e5 63. Rxa5 e4 64. Rh5 Rg1+ 65.
Ke2 Rg2+ 66. Kf1 Rb2 67. Rh3 Ra2 68. Ke1 Ra1+ 69. Ke2 Ra2+ 70. Ke1 e3 71. Rh8
Ra1+ 72. Ke2 Ra2+ 73. Ke1 Kc3 74. Re8 Kd3 75. Rd8+ Kc3 76. Re8 Kd3 77. Rd8+ Kc3
78. Re8 1/2-1/2

[Event "Pyramiden Cup 2016"]
[Site "chess24.com"]
[Date "2016.09.01"]
[Round "1.5"]
[White "Belezky, Alexander"]
[Black "Mikeler, Marcel"]
[Result "1-0"]
[WhiteElo "2416"]
[BlackElo "1833"]
[PlyCount "61"]
[EventDate "2016.??.??"]
[WhiteTeamCountry "UKR"]
[BlackTeamCountry "GER"]
[WhiteClock "1:14:55"]
[BlackClock "0:13:16"]

1. Nf3 d5 2. g3 Nf6 3. Bg2 c6 4. b3 g6 5. Bb2 Bg7 6. O-O Nbd7 7. c4 O-O 8. d3
Re8 9. cxd5 cxd5 10. Na3 Qa5 11. Qd2 Qa6 12. Nd4 Rb8 13. Ndb5 Rf8 14. Nc7 Qb6
15. Nxd5 Nxd5 16. Bxg7 Kxg7 17. Bxd5 Qc5 18. Qb2+ Nf6 19. Bg2 Bg4 20. Nc4 Qh5
21. Rfe1 Bh3 22. Bf3 Bg4 23. Bxg4 Qxg4 24. Ne5 Qe6 25. Rac1 Kg8 26. Rc4 Rfd8
27. Rec1 Ne8 28. Ng4 h5 29. Re4 Qd5 30. Nh6+ Kh7 31. Re5 1-0

[Event "Pyramiden Cup 2016"]
[Site "chess24.com"]
[Date "2016.09.01"]
[Round "1.6"]
[White "Cipra, Lothar"]
[Black "Colpe, Malte"]
[Result "0-1"]
[WhiteElo "1965"]
[BlackElo "2385"]
[PlyCount "50"]
[EventDate "2016.??.??"]
[WhiteTeam "Deutschland"]
[BlackTeam "Deutschland"]
[WhiteTeamCountry "GER"]
[BlackTeamCountry "GER"]
[WhiteClock "0:08:13"]
[BlackClock "0:46:48"]

1. d4 Nf6 2. c4 g6 3. Nc3 Bg7 4. e4 d6 5. f3 O-O 6. Be3 c5 7. Bd3 Ng4 8. fxg4
cxd4 9. Bd2 dxc3 10. bxc3 Qa5 11. Rc1 Nd7 12. h3 Ne5 13. Be2 Be6 14. Nf3 Nxc4
15. Nd4 Nxd2 16. Qxd2 Qxa2 17. Nxe6 Qxe6 18. O-O Rac8 19. Qd3 Qe5 20. Rf3 Rc5
21. c4 b5 22. Qb1 bxc4 23. Rfc3 d5 24. Bf3 dxe4 25. Bxe4 Rb8 0-1

[Event "Pyramiden Cup 2016"]
[Site "chess24.com"]
[Date "2016.09.01"]
[Round "1.7"]
[White "Braeuer, Franz"]
[Black "Guggenberger, Guido"]
[Result "1-0"]
[WhiteElo "2406"]
[BlackElo "1981"]
[PlyCount "51"]
[EventDate "2016.??.??"]
[WhiteTeam "Deutschland"]
[BlackTeam "Deutschland"]
[WhiteTeamCountry "GER"]
[BlackTeamCountry "GER"]
[WhiteClock "0:27:29"]
[BlackClock "0:55:12"]

1. Nf3 Nf6 2. c4 e6 3. g3 d5 4. Bg2 c5 5. O-O Nc6 6. cxd5 exd5 7. d4 Be7 8. Nc3
O-O 9. Bg5 cxd4 10. Nxd4 h6 11. Bf4 Bg4 12. h3 Be6 13. Rc1 Rc8 14. Be3 Qd7 15.
Kh2 Rfe8 16. Nxc6 bxc6 17. Na4 Ne4 18. Bxe4 dxe4 19. Qxd7 Bxd7 20. Rfd1 Be6 21.
b3 Rc7 22. Nc3 Ba3 23. Nb5 Bxc1 24. Nxc7 Re7 25. Nxe6 Bxe3 26. Rd8+ 1-0

[Event "Pyramiden Cup 2016"]
[Site "chess24.com"]
[Date "2016.09.01"]
[Round "1.8"]
[White "Herlan, Klaus-Juergen"]
[Black "Wenninger, Philipp"]
[Result "0-1"]
[WhiteElo "1977"]
[BlackElo "2356"]
[PlyCount "82"]
[EventDate "2016.??.??"]
[WhiteTeam "Deutschland"]
[BlackTeam "Deutschland"]
[WhiteTeamCountry "GER"]
[BlackTeamCountry "GER"]
[WhiteClock "0:01:55"]
[BlackClock "0:01:45"]

1. d4 d5 2. Nf3 Nf6 3. e3 c5 4. c3 e6 5. Bd3 Nc6 6. Nbd2 Be7 7. O-O O-O 8. Re1
b6 9. e4 cxd4 10. cxd4 dxe4 11. Nxe4 Bb7 12. Bg5 Nxe4 13. Bxe7 Nxe7 14. Bxe4
Bxe4 15. Rxe4 Rc8 16. Rc1 Qd5 17. Rxc8 Rxc8 18. Qb1 Qc4 19. Re1 Nd5 20. h3 Qc2
21. Qa1 h6 22. Rd1 Nf4 23. Rd2 Qg6 24. g3 Nxh3+ 25. Kf1 Qe4 26. Qd1 Qd5 27. a3
f6 28. Rd3 g5 29. Qd2 Kg7 30. Rc3 Rc6 31. Ne1 Qh1+ 32. Ke2 Qe4+ 33. Kd1 Qb1+
34. Ke2 Qe4+ 35. Kd1 Rxc3 36. bxc3 h5 37. Nc2 h4 38. gxh4 gxh4 39. Ne3 Qf3+ 40.
Ke1 Nf4 41. c4 h3 0-1

[Event "Pyramiden Cup 2016"]
[Site "chess24.com"]
[Date "2016.09.01"]
[Round "1.9"]
[White "Milov, Leonid"]
[Black "Thesing, Ansgar"]
[Result "1-0"]
[WhiteElo "2430"]
[BlackElo "1987"]
[PlyCount "94"]
[EventDate "2016.??.??"]
[WhiteTeam "Deutschland"]
[BlackTeam "Deutschland"]
[WhiteTeamCountry "GER"]
[BlackTeamCountry "GER"]
[WhiteClock "0:28:57"]
[BlackClock "0:11:34"]

1. e4 c5 2. Nf3 d6 3. d4 cxd4 4. Nxd4 Nf6 5. Nc3 a6 6. Bg5 Nbd7 7. Qe2 b5 8. f4
Qc7 9. g4 e6 10. Bg2 Bb7 11. O-O-O Be7 12. Rhe1 O-O 13. Bxf6 Bxf6 14. g5 Bxd4
15. Rxd4 e5 16. fxe5 dxe5 17. Rd3 Nc5 18. Rh3 Ne6 19. Qh5 h6 20. gxh6 Nf4 21.
Qg5 f6 22. Qxg7+ Qxg7 23. hxg7 Kxg7 24. Rg3+ Kf7 25. Bf3 Rh8 26. Rd1 Rad8 27.
Rdg1 Rhg8 28. Rxg8 Rxg8 29. Rxg8 Kxg8 30. Kd2 Ne6 31. Ke3 Nd4 32. Bd1 Kf7 33.
Ne2 Ne6 34. Ng3 Nc5 35. c3 a5 36. b4 axb4 37. cxb4 Ne6 38. a4 bxa4 39. Bxa4 Nd4
40. Nf5 Nxf5+ 41. exf5 Kg7 42. Bc2 Kh6 43. b5 Kg5 44. Be4 Bc8 45. b6 Kg4 46. h4
Ba6 47. h5 Bb7 1-0

[Event "Pyramiden Cup 2016"]
[Site "chess24.com"]
[Date "2016.09.01"]
[Round "1.10"]
[White "Faralisz, Patrick"]
[Black "Hacker, Jonas"]
[Result "0-1"]
[WhiteElo "1793"]
[BlackElo "2308"]
[PlyCount "117"]
[EventDate "2016.??.??"]
[WhiteTeam "Deutschland"]
[BlackTeam "Deutschland"]
[WhiteTeamCountry "GER"]
[BlackTeamCountry "GER"]
[WhiteClock "0:02:53"]
[BlackClock "0:02:21"]

1. e4 e5 2. Nf3 Nc6 3. Bc4 Nf6 4. d3 Be7 5. O-O O-O 6. Re1 d6 7. a4 Na5 8. Ba2
c5 9. c3 Nc6 10. Na3 h6 11. h3 Re8 12. Nc4 Bf8 13. Ne3 g6 14. Nh2 h5 15. Nf3
Be6 16. Bxe6 Rxe6 17. Nd5 Bg7 18. Bg5 Ne7 19. Bxf6 Bxf6 20. Nxf6+ Rxf6 21. Qb3
Rb8 22. d4 Nc6 23. dxc5 dxc5 24. Rad1 Qe7 25. Rd5 b6 26. Red1 Rb7 27. Qc2 Kg7
28. Qd2 Re6 29. Ng5 Rf6 30. Nf3 Re6 31. Nh2 Qf6 32. Nf1 Qf4 33. Qe2 Rc7 34.
R5d3 Na5 35. Rf3 Qh4 36. b4 cxb4 37. cxb4 Nc6 38. Qc4 Rce7 39. Nh2 Nd4 40. Re3
Rc6 41. Qd5 Rc2 42. g3 Qxh3 43. Nf3 Ne2+ 44. Rxe2 Rxe2 45. Nxe5 Qe6 46. Nc6
Re1+ 47. Rxe1 Qxd5 48. exd5 Rxe1+ 49. Kg2 a6 50. Kf3 Kf6 51. a5 bxa5 52. bxa5
g5 53. Nb4 Ra1 54. Nxa6 Rxa5 55. Nb4 Rb5 56. Nc2 Rxd5 57. Ne3 g4+ 58. Ke2 Re5
59. Kd3 0-1